| 000 | 00687nam a22001817a 4500 | ||
|---|---|---|---|
| 003 | UA-OsUOA | ||
| 001 | 16628 | ||
| 007 | ta | ||
| 008 | 20040117b un ||||| |||| 00| 0 ukr d | ||
| 100 | _aЯщук В. | ||
| 942 | _cSA | ||
| 040 |
_aUA-OsUOA _cUA-OsUOA _dUA-OsUOA |
||
| 245 | _aСлідами далеких епох: [Випущена в світ рівнен. вид-вом "Азалія" кн. "Степань" М. Будька, який народився в с. Степань Сарнен. р-ну] | ||
| 300 | _aС.4 | ||
| 955 | _a0 | ||
| 773 | 0 |
_w0 _tПрапор перемоги _dРадивилів _d2003 _g№101/19 груд./ |
|
| 650 | 7 |
_aБудько М. _2UDC |
|
| 999 |
_c302793 _d302793 |
||